The art of objects : object-oriented design and architecture
Αποθηκεύτηκε σε:
| Κύριος συγγραφέας: | |
|---|---|
| Μορφή: | Βιβλίο |
| Γλώσσα: | English |
| Δημοσίευση: |
Boston :
Addison-Wesley,
c2001
|
| Σειρά: | Addison-Wesley object technology series
|
| Θέματα: | |
| Ετικέτες: |
Προσθήκη ετικέτας
Δεν υπάρχουν, Καταχωρήστε ετικέτα πρώτοι!
|
MARC
| LEADER | 00000nam a2200000 i 4500 | ||
|---|---|---|---|
| 001 | 1/23079 | ||
| 008 | 011109s2001 eng d | ||
| 020 | |a 0-201-71161-3 | ||
| 035 | |l 10067596 | ||
| 040 | |a GR-MY-UA |b gre |e aacr | ||
| 041 | 0 | |a eng | |
| 082 | 0 | |a 005.117 |2 (21) | |
| 100 | 1 | |a Lau, Yun-Tung. | |
| 245 | 1 | 4 | |a The art of objects : |b object-oriented design and architecture / |c Yun-Tung Lau |
| 260 | |a Boston : |b Addison-Wesley, |c c2001 | ||
| 300 | |a xv, 363 p.; |b ill.; |c 24 cm. | ||
| 490 | 1 | |a Addison-Wesley object technology series | |
| 504 | |a Includes bibliographical references and index | ||
| 650 | 0 | 0 | |a Object-oriented methods (Computer science) |
| 830 | 0 | |a Addison-Wesley object technology series | |
| 852 | |a INST |b SYROS |e 20011109 |h 005.117 LAU |p 005500000748 |q 005500000748 |t BK |y 0 | ||
| 852 | |a INST |b SYROS |e 20030508 |h 005.117 LAU |p 005500003400 |q 005500003400 |t BK |y 0 | ||
| 901 | |a BIBL5-2001-3 | ||
| 909 | |a Ε |b 088730 | ||
| 909 | |a Ε |b 103802 | ||
| 922 | |a 5ΕΛΗ |b 200108 |c ΕΠΕΑΕΚ2/183 |d ΠΑΠΑΣΩΤΗΡΙΟΥ | ||
| 970 | |a ΚΡΗΤΙΚΟΥ |b ΘΩΜΑΙΣ |z 2001/11/09 | ||